Target 3 billion : (Record no. 3859)

MARC details
000 -LEADER
fixed length control field 01051cam a2200253 a 4500
005 - DATE AND TIME OF LATEST TRANSACTION
control field 20260112063310.0
007 - PHYSICAL DESCRIPTION FIXED FIELD--GENERAL INFORMATION
fixed length control field ta
020 ## - INTERNATIONAL STANDARD BOOK NUMBER
International Standard Book Number 9780143417309 (pbk.)
039 ## - LEVEL OF BIBLIOGRAPHIC CONTROL AND CODING DETAIL [OBSOLETE]
Level of rules in bibliographic description 202109281126
Level of effort used to assign nonsubject heading access points staff
Level of effort used to assign subject headings 201301280227
Level of effort used to assign classification staff
Level of effort used to assign subject headings 201209190351
Level of effort used to assign classification staff
Level of effort used to assign subject headings 201209190351
Level of effort used to assign classification staff
-- 201209180131
-- staff
082 ## - DEWEY DECIMAL CLASSIFICATION NUMBER
Classification number 307.14120954
Item number KAL [ Shelf ]
100 ## - MAIN ENTRY--PERSONAL NAME
Personal name Abdul Kalam, A. P. J.
Fuller form of name (Avul Pakir Jainulabdeen),
Dates associated with a name 1931-
245 ## - TITLE STATEMENT
Title Target 3 billion :
Remainder of title PURA: innovative solutions towards sustainable development /
Statement of responsibility, etc. A.P.J. Abdul Kalam & Srijan Pal Singh.
246 ## - VARYING FORM OF TITLE
Title proper/short title Target three billion
260 ## - PUBLICATION, DISTRIBUTION, ETC.
Place of publication, distribution, etc. New Delhi :
Name of publisher, distributor, etc. Penguin Books, India,
Date of publication, distribution, etc. 2011.
300 ## - PHYSICAL DESCRIPTION
Extent xix, 298 p. :
Other physical details ill., maps ;
Dimensions 22 cm.
504 ## - BIBLIOGRAPHY, ETC. NOTE
Bibliography, etc. note Includes bibliographical references (p. 293-298).
650 ## - SUBJECT ADDED ENTRY--TOPICAL TERM
Topical term or geographic name entry element Rural development
Geographic subdivision India.
650 ## - SUBJECT ADDED ENTRY--TOPICAL TERM
Topical term or geographic name entry element Social change
Geographic subdivision India.
650 ## - SUBJECT ADDED ENTRY--TOPICAL TERM
Topical term or geographic name entry element Sustainable development
Geographic subdivision India.
700 ## - ADDED ENTRY--PERSONAL NAME
Personal name Singh, Srijan Pal.
991 ## -
-- VIRTUA40
991 ## -
-- VTLSSORT0070*0080*0200*0820*1000*2450*2460*2600*3000*5040*6500*6501*6502*7000*9992
909 ## -
-- 4368
Holdings
Withdrawn status Lost status Damaged status Not for loan Home library Current library Date acquired Total checkouts Full call number Barcode Copy number Koha item type
        Indian Institute Of Management, Shillong Indian Institute Of Management, Shillong 18/09/2012   307.14120954 KAL [ Shelf ] 0010307   Reference
        Indian Institute Of Management, Shillong Indian Institute Of Management, Shillong 07/03/2013   307.14120954 KAL [ Shelf ] 0010620 1 Book
Copyright © 2026 Indian Institute of Management Shillong. All Rights Reserved.